000
00264nam a22001097a 4500
008
230626b xxu||||| |||| 00| 0 eng d
082
_a
331.76309
_b
CON
100
_c
Robert Conquest
245
_a
AGRICULTURAL WORKERS IN THE USSR
300
_a
139p
942
_2
ddc
_c
BK
999
_c
2606
_d
2606